000 00443nam a2200169Ia 4500
008 090711s9999 xx 000 0 und d
082 _b50830
100 _aहरकारे अरुण
245 _aकामिनी
260 _c1985
300 _a192
600 _aहरकारे अरुण
630 _aकामिनी
700 _aहरकारे अरुण
730 _aकामिनी
942 _cBOOK
999 _c301442
_d301442